| 000 | 01052 a2200229 4500 | ||
|---|---|---|---|
| 020 | _a0130832383 | ||
| 040 | _aDLC | ||
| 082 | _a004.6 | ||
| 100 | 1 | _aPanko, Raymond R. | |
| 245 | 1 | 0 |
_aBusiness data communications and networking _cRaymond R. Panko. |
| 250 | _a2nd ed. | ||
| 260 |
_aUpper Saddle River, NJ : _bPrentice Hall, _c1999. |
||
| 300 |
_a464 p. : _bill. |
||
| 500 | _aRev. ed. of: Business data communications. c1997. | ||
| 500 | _aIncludes index. | ||
| 520 | 1 | _a"Constructed around a unique modular design (eight core chapters cover the central concepts of networking and eight advanced modules provide additional information), Business Data Communications and Networking, Second Edition introduces the student to the key topics and issues essential to networking professionals."--BK JACKET. | |
| 650 | 0 |
_aBusiness enterprises _xComputer networks _xStudy guides. |
|
| 650 | 0 |
_aComputer networks _xManagement _xStudy guides. |
|
| 650 | 0 |
_aData transmission systems _xStudy guides. |
|
| 700 | 1 | _aPanko, R. R. | |
| 942 |
_cBK _k004.6 PAN _2ddc |
||
| 999 |
_c5516 _d5516 |
||